00767nam a22002057a 4500999001900000005001700019010001300036020002600049035001300075037000900088082001600097100001700113245009900130260003500229270006000264300003400324500001900358942003000377952015400407 c179317d17931720210607113705.0 aB-739997 a9780670058532c495.00 aB-739997 bGift a791.4360954 aGarga, B. D. aThe art of cinema:ban insider's journey through fifty years of film history /cby B. D. Garga aNew DelhibPenguin Booksc2005 a11 Community Centre, Panchsheel ParkbNew Delhie110017 axxiii, 258p.:c22cm(Hb)bill. aincludes index 2ddccENmGARh791.4360954 001040708NFICaAVbAVd2021-06-07eGift/Eng/03-05-2021g495.00l0o791.4360954 GARpB-739997r2021-06-07 00:00:00t1v495.00w2021-06-07yENzGift